|
|
|
|
| LEADER |
02023nam a2200349 a 4500 |
| 001 |
7378 |
| 003 |
BD-DhAAL |
| 008 |
091028s1997 ii ab 001 0 eng d |
| 999 |
|
|
|c 4924
|d 4924
|
| 010 |
|
|
|a \\\97904766
|
| 020 |
|
|
|a 817304189X
|
| 020 |
|
|
|a 9789840513956
|
| 020 |
|
|
|a 9840513958
|
| 040 |
|
|
|a DLC
|c DLC
|d BD-DhAAL
|
| 082 |
0 |
0 |
|a 954.92051
|2 21
|
| 100 |
1 |
|
|a Jacob, J. F. R.
|q (Jacob F. R.)
|9 26336
|
| 245 |
1 |
0 |
|a Surrender at Dacca :
|b birth of a nation /
|c J.F.R. Jacob.
|
| 260 |
|
|
|a Dhaka :
|b University Press Limited ;
|a New Delhi :
|b Manohar Publishers & Distributors,
|c 1997 [fifth impression 2021].
|
| 300 |
|
|
|a 263 pages,
|a 269 pages :
|b illustrations, maps ;
|c 23 cm.
|
| 500 |
|
|
|a One map in pocket.
|
| 504 |
|
|
|a Includes bibliographical references and index.
|
| 526 |
|
|
|a GenEd
|
| 541 |
1 |
|
|a Book Finder International
|e 7378, 39476, 39492
|
| 651 |
|
0 |
|a Bangladesh
|x History
|y Revolution, 1971-
|x Campaign.
|9 26337
|
| 651 |
|
0 |
|a India
|x History, Military.
|9 26338
|
| 852 |
4 |
|
|a Ayesha Abed Library
|c General stacks
|
| 942 |
|
|
|2 ddc
|c BK
|
| 952 |
|
|
|0 0
|1 0
|2 ddc
|4 0
|6 954_920500000000000_1_JAC_1998
|7 0
|9 4742
|a BRACUL
|b BRACUL
|c BNC
|d 2009-10-28
|e The university press
|g 450.00
|l 3
|m 36
|o 954.92051 JAC
|p 3010007378
|r 2025-05-12
|s 2024-09-03
|t 1
|v 900.00
|w 2009-10-28
|y BK
|
| 952 |
|
|
|0 0
|1 0
|2 ddc
|4 0
|6 954_920510000000000_JAC
|7 0
|9 15923
|a BDI
|b BDI
|c GEN
|d 2011-03-30
|e The university press
|g 450.00
|l 0
|o 954.92051 JAC
|p 3050022266
|r 2011-03-30
|t 2
|w 2011-03-30
|y BK
|
| 952 |
|
|
|0 0
|1 0
|2 ddc
|4 0
|6 954_920500000000000_1_JAC
|7 0
|9 61682
|a SCL
|b SCL
|c GEN
|d 2017-10-31
|g 450.00
|l 5
|m 5
|o 954.92051 JAC
|p 3020006868
|r 2023-04-10
|s 2023-03-20
|t 3
|w 2017-10-31
|y BK
|
| 952 |
|
|
|0 0
|1 0
|2 ddc
|4 0
|6 954_920510000000000_JAC
|7 0
|9 71527
|a SCL
|b SCL
|c GEN
|d 2022-08-03
|e Book Finder International
|g 362.00
|l 3
|m 8
|o 954.92051 JAC
|p 3020039476
|r 2026-03-02
|s 2025-11-11
|t 4
|v 0.00
|w 2022-08-03
|y BK
|
| 952 |
|
|
|0 0
|1 0
|2 ddc
|4 0
|6 954_920510000000000_JAC
|7 0
|9 71543
|a SCL
|b SCL
|c GEN
|d 2022-08-03
|e Book Finder International
|g 362.00
|l 3
|o 954.92051 JAC
|p 3020039492
|r 2023-11-04
|s 2023-10-29
|t 5
|v 0.00
|w 2022-08-03
|y BK
|